000 00652nam a2200217Ia 4500
001 8846
003 GE_BSU
008 181216s||||||||xx |||||||||||||| ||und||
040 _cGE_BSU
080 _a821.353.1-31
100 _aკანდელაკი,ნანა
245 _aმაკო ცხვედაძე
245 _bრომანი
245 _cრედ:ნ.ხომერიკი,მხატვ:ა.თოდრია
260 _aთბილისი
260 _bმერანი
300 _a235გვ,20სმ
653 _aმაკო ცხვედაძე
653 _aრომანი
942 _cBK
999 _c42153
_d42153